Les chants militaires français les plus connus - Statistiques

Statistiques générales
  • Ce quiz a été pris 253 fois
  • Le résultat moyen est 4 sur 15
Statistiques - réponses
Réponse % Correct
1 La Strasbourgeoise
90%
2 La marseillaise
72%
4 La blanche Hermine
60%
11 Les Commandos
40%
13 Le volontaire
26%
15 Pelot d'hennebont
24%
7 Le boudin
22%
12 J'avais un camarade
21%
5 Capitaine biancamaria
17%
3 on ne passe pas
5%
8 Les combats de tu le
4%
9 Vous n'aurez pas l'Alsace et la Lorraine
4%
10 Debout les paras
2%
6 La Ligue noire
1%
14 Le régiment d'Auvergne marche
1%
Aucun quiz correspondant
Distribution des résultats
% des personnes avec chaque résultat
Percentile par nombre de réponses
Votre historique - résultats
Vous n’avez pas pris ce quiz